[Event "GER-chT Lands U20"]
[Site "Verden an der Aller"]
[Date "2007.10.03"]
[Round "7.6"]
[White "Mijatovic, Andrea"]
[Black "Oez, Eda"]
[Result "1-0"]
[WhiteElo "1844"]
[BlackElo "1536"]
[PlyCount "113"]
[EventDate "2007.09.29"]
[EventType "team-swiss"]
[EventRounds "7"]
[EventCountry "GER"]
[SourceTitle "CBM 120 Extra"]
[Source "ChessBase"]
[SourceDate "2007.11.01"]
[SourceVersion "1"]
[SourceVersionDate "2007.11.01"]
[SourceQuality "1"]
[WhiteTeam "Wuerttemberg"]
[BlackTeam "Hessen"]
[WhiteTeamCountry "GER"]
[BlackTeamCountry "GER"]

1. e4 e5 2. Nf3 Nc6 3. d4 exd4 4. Bc4 Nf6 5. 0-0 Bc5 6. e5 d5 7. exf6 dxc4 8. Re1+ Be6 9. fxg7 Rg8 10. Ng5 Qe7 11. Qh5 0-0-0 12. Ne4 Rd5 13. Qxh7 f6 14. Nxc5 Rxc5 15. Bf4 Rxg7 16. Qh8+ Rg8 17. Qh6 Qf7 18. Bg3 Rh5 19. Qf4 Re5 20. Nd2 Bd5 21. Rxe5 fxe5 22. Qxf7 Bxf7 23. Re1 Re8 24. Ne4 Bg6 25. f3 Bxe4 26. Rxe4 Kd7 27. a3 b5 28. Be1 a5 29. Kf2 b4 30. axb4 axb4 31. f4 Rf8 32. Kf3 Kd6 33. g4 exf4 34. Rxf4 Ne5+ 35. Ke4 Rxf4+ 36. Kxf4 c5 37. Bd2 c3 38. bxc3 bxc3 39. Bc1 d3 40. Ke3 Nc4+ 41. Kxd3 Ne5+ 42. Kxc3 Nxg4 43. h4 Nf6 44. Bg5 Nh5 45. Kc4 Ng7 46. Bf4+ Kc6 47. Be5 Nf5 48. h5 Ne3+ 49. Kd3 Nf5 50. Ke4 Nh6 51. Bg7 Nf7 52. Kf5 Kd7 53. Kf6 Ke8 54. h6 Nxh6 55. Bxh6 Kd7 56. c4 Kd6 57. Bf4+ 1-0

[Event "GER-chT Lands U20"]
[Site "Verden an der Aller"]
[Date "2007.09.30"]
[Round "3.6"]
[White "Neumair, Jerome"]
[Black "Mijatovic, Andrea"]
[Result "1-0"]
[WhiteElo "1909"]
[BlackElo "1844"]
[PlyCount "105"]
[EventDate "2007.09.29"]
[EventType "team-swiss"]
[EventRounds "7"]
[EventCountry "GER"]
[SourceTitle "CBM 120 Extra"]
[Source "ChessBase"]
[SourceDate "2007.11.01"]
[SourceVersion "1"]
[SourceVersionDate "2007.11.01"]
[SourceQuality "1"]
[WhiteTeam "Nordrhein Westfalen"]
[BlackTeam "Wuerttemberg"]
[WhiteTeamCountry "GER"]
[BlackTeamCountry "GER"]

1. c4 e6 2. Nc3 d5 3. cxd5 exd5 4. d4 c6 5. Qc2 Nf6 6. Bg5 Be7 7. Nf3 Nbd7 8. e3 0-0 9. Bd3 Re8 10. 0-0 Nf8 11. Rab1 a5 12. a3 Bd7 13. b4 axb4 14. axb4 h6 15. Bxf6 Bxf6 16. b5 Ne6 17. bxc6 bxc6 18. Na4 Qc7 19. Nb6 Rab8 20. Nxd7 Qxd7 21. Rfc1 Rxb1 22. Qxb1 Rc8 23. Bf5 Qa7 24. Qb3 Qc7 25. Ne1 Be7 26. Nd3 Bd6 27. g3 Rb8 28. Qa4 Rb6 29. Bh3 Qb7 30. Qc2 Kf8 31. Bxe6 fxe6 32. Kg2 Kf7 33. h4 Kf6 34. Rg1 Qc7 35. Nf4 Qf7 36. Nd3 e5 37. dxe5+ Bxe5 38. Nxe5 Kxe5 39. Qc5 Qb7 40. Rc1 Ke6 41. e4 Ke5 42. f4+ Ke6 43. e5 Kf7 44. f5 Ra6 45. Kh3 Qe7 46. Qe3 Ra3 47. Qe2 c5 48. Rb1 Qc7 49. Qh5+ Kf8 50. Qe2 d4 51. Qe4 Ra7 52. Qd5 Qe7 53. Rb8+ 1-0

[Event "EU-ch U16 Girls 17th"]
[Site "Sibenik"]
[Date "2007.09.19"]
[Round "6"]
[White "Mijatovic, Andrea"]
[Black "Manelidou, Maria"]
[Result "0-1"]
[WhiteElo "1844"]
[BlackElo "1920"]
[PlyCount "88"]
[EventDate "2007.09.14"]
[EventType "swiss"]
[EventRounds "9"]
[EventCountry "CRO"]
[SourceTitle "CBM 120 Extra"]
[Source "ChessBase"]
[SourceDate "2007.11.01"]
[SourceVersion "1"]
[SourceVersionDate "2007.11.01"]
[SourceQuality "1"]

1. e4 e6 2. d4 d5 3. exd5 exd5 4. Nf3 Nc6 5. Bb5 Bd6 6. c4 Bb4+ 7. Bd2 Bxd2+ 8. Nbxd2 Nge7 9. 0-0 0-0 10. c5 Bg4 11. Qc2 a6 12. Ba4 f6 13. Rfe1 Nb8 14. Rac1 c6 15. Qc3 Nd7 16. Bc2 Re8 17. Nh4 Nf8 18. h3 Bh5 19. Re3 Neg6 20. Nf5 Nf4 21. Ng3 Bg6 22. Bxg6 hxg6 23. Rce1 Qd7 24. Nf3 N8e6 25. Ne2 Kf8 26. Nxf4 Nxf4 27. Qc2 Kf7 28. Qd2 Ne6 29. Qe2 Nc7 30. Qd3 Ne6 31. Nh4 Nf8 32. Rxe8 Rxe8 33. Rxe8 Qxe8 34. Qe3 Qe4 35. Qxe4 dxe4 36. f3 e3 37. Kf1 Ke6 38. Ke2 g5 39. Kxe3 gxh4 40. Ke4 f5+ 41. Kf4 Nh7 42. b4 g5+ 43. Ke3 Kd5 44. Kd3 Nf6 0-1